| 000 | 00000cam 2200000zi 4500 |
| 001 | 9.958273 |
| 003 | CaOODSP |
| 005 | 20251212153847 |
| 006 | m o d f |
| 007 | cr |n||||||||| |
| 008 | 251212s1927 nscd ob f|0| 0 eng d |
| 040 | |aCaOODSP|beng|erda|cCaOODSP |
| 043 | |an-cn--- |
| 086 | 1 |aFs52-5/12-1927E-PDF |
| 100 | 1 |aWeld, C.B., |eauthor. |
| 245 | 10|aStructural changes in fish during freezing and storage / |cC.B. Weld. |
| 246 | 17|aStructural changes during freezing |
| 264 | 1|aHalifax : |bBiological Board of Canada, |c1927. |
| 300 | |a1 online resource (63 pages) : |bcharts. |
| 336 | |atext|btxt|2rdacontent |
| 337 | |acomputer|bc|2rdamedia |
| 338 | |aonline resource|bcr|2rdacarrier |
| 490 | 1 |aManuscript reports of the experimental stations ; |vno. 12 |
| 500 | |aDigitized edition from print [produced by Department of Fisheries and Oceans]. |
| 504 | |aIncludes bibliographical references (page 53). |
| 520 | |a"This paper is to present an attempt to apply quantitative methods to the microscopic investigation of the frozen material and so to record precisely the changes which take place under known conditions of freezing and storage"--page 1. |
| 650 | 0|aFrozen fish|xMicrobiology. |
| 650 | 6|aPoisson congelé|xMicrobiologie. |
| 710 | 2 |aBiological Board of Canada, |eissuing body. |
| 830 | #0|aManuscript reports of the experimental stations ;|vno. 12.|w(CaOODSP)9.948621 |
| 856 | 40|qPDF|s26.20 MB|uhttps://publications.gc.ca/collections/collection_2025/mpo-dfo/fs52-5/Fs52-5-12-1927-eng.pdf |